| 000 | 01148nam a2200301 a 4500 | ||
|---|---|---|---|
| 005 | 20180803164819.0 | ||
| 008 | 140220b1995 ck ||||| |||| 00| 0 spa d | ||
| 040 |
_aCO-BoIAVH _cCO-BoIAVH |
||
| 041 | _aspa | ||
| 044 | _ack | ||
| 090 |
_aLB _b00517 |
||
| 110 |
_bUniversidad Nacional de Colombia. Centro de Investigaciones para el Desarrollo _98114 |
||
| 245 |
_aSignificado económico de la biodiversidad y su uso con fines productivos. Estudio de caso _bla importancia estratégica del recurso hídrico y su uso en el Parque Nacional Natural de los Nevados |
||
| 260 |
_aBogotá _bCID _c1995? |
||
| 300 | _a199 p. | ||
| 650 |
_aValoración económica _94196 |
||
| 650 |
_aBiodiversidad _992204 |
||
| 650 |
_aUso de biodiversidad _9343 |
||
| 650 |
_aProducción _943015 |
||
| 650 |
_aAprovechamiento forestal _943016 |
||
| 650 |
_aProductos no maderables _94464 |
||
| 650 |
_aFauna acuática _943017 |
||
| 650 |
_aFauna _943018 |
||
| 650 |
_aRecursos hídricos _943019 |
||
| 650 |
_aSistema de Parques Nacionales _93858 |
||
| 662 |
_aColombia _cParque Nacional Natural Los Nevados _bCaldas, Risaralda, Quindío y Tolima |
||
| 942 |
_cINFORME _2z |
||
| 999 |
_c536 _d536 |
||